Statistics for Random Asian Subdivisions on a Map

Click here to take the quiz!

General Stats

  • This quiz has been taken 156 times
  • The average score is 11 of 50

Answers on the Map

Answers color-coded by a green-red scale on the quiz's map according to % correct below.
 

Answer Stats

CountryTypeSubdivision% Correct
JapanPrefectureAkita
100%
YemenProvinceAl Hudaydah
100%
TurkeyProvinceAmasya
100%
TurkeyProvinceAnkara
100%
IranProvinceArdabil
100%
MaldivesAtollAri Atholhu Dhekunuburi
100%
IndonesiaProvinceBali
100%
PakistanProvinceBalochistan
100%
ThailandSpecial Administrative AreaBangkok
100%
PhilippinesAdministrative RegionCaraga
100%
IsraelDistrictCentral
100%
ThailandProvinceChai Nat
100%
ChinaMunicipalityChongqing
100%
IndiaTerritoryDadra and Nagar Haveli
100%
IndiaTerritoryDelhi
100%
East TimorMunicipalityDili
100%
United Arab EmiratesEmirateDubai
100%
Sri LankaProvinceEastern
100%
IndonesiaProvinceEast Java
100%
JapanPrefectureEhime
100%
MongoliaProvinceGovi-Altai
100%
ChinaProvinceGuangdong
100%
ChinaAutonomous RegionGuangxi
100%
YemenProvinceHadramaut
100%
ChinaProvinceHainan
100%
VietnamMunicipalityHải Phòng
100%
JapanPrefectureHokkaido
100%
South KoreaProvinceIncheon
100%
ChinaAutonomous RegionInner Mongolia
100%
PakistanTerritoryIslamabad Capital Territory
100%
South KoreaProvinceJeju
100%
RussiaAutonomous RegionJewish
100%
IndiaStateKarnataka
100%
RussiaRegionKemerovo
100%
AzerbaijanCityKhankendi
100%
BangladeshDivisionKhulna
100%
IranProvinceKhuzestan
100%
IraqProvinceKirkuk
100%
CyprusDistrictKyrenia
100%
IndiaTerritoryLadakh
100%
IndiaTerritoryLakshadweep
100%
MaldivesAtollMaalhosmadulu Dhekunuburi
100%
MaldivesAtollMaalhosmadulu Uthuruburi
100%
IndiaStateMizoram
100%
TurkeyProvinceMuş
100%
IraqProvinceNineveh
100%
ChinaAutonomous RegionNingxia
100%
Saudi ArabiaRegionNorthern Borders
100%
IndonesiaProvinceNorth Sulawesi
100%
TurkeyProvinceOsmaniye
100%
TaiwanCountyPenghu
100%
ThailandProvinceRayong
100%
JapanPrefectureSaga
100%
MalaysiaStateSarawak
100%
South KoreaProvinceSeoul
100%
IndiaStateSikkim
100%
IndonesiaProvinceSoutheast Sulawesi
100%
IsraelDistrictSouthern
100%
IndonesiaProvinceSouth Kalimantan
100%
IndonesiaProvinceSouth Sumatra
100%
NepalProvinceSudurpashchim
100%
BangladeshDivisionSylhet
100%
IndiaStateTamil Nadu
100%
UzbekistanRegionTashkent
100%
ChinaAutonomous RegionTibet
100%
JapanPrefectureTochigi
100%
TurkeyProvinceTokat
100%
JapanPrefectureTokyo
100%
KazakhstanRegionTurkistan
100%
MongoliaProvinceTuv
100%
IndiaStateUttarakhand
100%
AfghanistanProvinceWardak
100%
IndiaStateWest Bengal
100%
Sri LankaProvinceWestern
100%
KazakhstanRegionWest Kazakhstan
100%
IndonesiaProvinceWest Nusa Tenggara
100%
IndonesiaProvinceWest Sulawesi
100%
ThailandProvinceYala
100%
RussiaAutonomous AreaYamalo-Nenets
100%
ChinaProvinceYunnan
100%
IsraelDistrictNorthern
75%
GeorgiaAutonomous RepublicAbkhazia
67%
IndonesiaProvinceBanten
67%
IndonesiaProvinceEast Nusa Tenggara
67%
MaldivesAtollKaafu
67%
IndiaStateOdisha
67%
PakistanProvinceSindh
67%
United Arab EmiratesEmirateAbu Dhabi
50%
QatarMunicipalityAd Dawhah
50%
TurkmenistanRegionAhal
50%
YemenMunicipalityAmanat Al Asimah
50%
RussiaRegionAmur
50%
JordanProvinceAqaba
50%
SyriaProvinceAs-Suwayda
50%
AfghanistanProvinceBaghlan
50%
VietnamProvinceBà Rịa-Vũng Tàu
50%
IndonesiaProvinceBengkulu
50%
TurkeyProvinceBursa
50%
South KoreaProvinceBusan
50%
IndonesiaProvinceCentral Java
50%
JapanPrefectureChiba
50%
AustraliaExternal TerritoryCocos (Keeling) Islands
50%
IndiaTerritoryDaman and Diu
50%
VietnamMunicipalityĐà Nẵng
50%
BangladeshDivisionDhaka
50%
IndonesiaProvinceEast Kalimantan
50%
TurkeyProvinceHakkâri
50%
ChinaProvinceHebei
50%
ChinaProvinceHeilongjiang
50%
IndiaStateHimachal Pradesh
50%
JapanPrefectureHiroshima
50%
TurkeyProvinceIsparta
50%
ChinaProvinceJiangxi
50%
IsraelDistrictJudea and Samaria Area
50%
JapanPrefectureKōchi
50%
IndiaStateMadhya Pradesh
50%
RussiaRegionMagadan
50%
GeorgiaRegionMtskheta-Mtianeti
50%
OmanProvinceMusandam
50%
OmanProvinceMuscat
50%
IndiaStateNagaland
50%
ThailandProvinceNakhon Nayok
50%
VietnamProvinceNam Định
50%
JapanPrefectureNiigata
50%
JapanPrefectureOkinawa
50%
ThailandProvincePhuket
50%
North KoreaDirect-administered CityPyongyang
50%
ChinaProvinceQinghai
50%
VietnamProvinceQuảng Bình
50%
IndiaStateRajasthan
50%
IndonesiaProvinceRiau
50%
RussiaRegionSakhalin
50%
YemenProvinceSana'a
50%
ThailandProvinceSatun
50%
South KoreaProvinceSejong
50%
VietnamProvinceSơn La
50%
PhilippinesAdministrative RegionSouthern Tagalog Mainland
50%
South KoreaProvinceSouth Gyeongsang
50%
IndonesiaProvinceSpecial Capital Region of Jakarta
50%
IranProvinceTehran
50%
ChinaMunicipalityTianjin
50%
JapanPrefectureTottori
50%
ThailandProvinceTrang
50%
LaosProvinceXiangkhouang
50%
AfghanistanProvinceZabul
50%
YemenProvinceAbyan
33%
TurkeyProvinceBayburt
33%
United KingdomOverseas TerritoryBritish Indian Ocean Territory
33%
VietnamProvinceĐắk Lắk
33%
CyprusDistrictFamagusta
33%
VietnamMunicipalityHồ Chí Minh
33%
JapanPrefectureIbaraki
33%
IndiaStateJharkhand
33%
CambodiaProvinceKandal
33%
RussiaTerritoryKrasnoyarsk
33%
KyrgyzstanRegionNaryn
33%
CambodiaProvincePreah Sihanouk
33%
MyanmarStateRakhine
33%
ChinaProvinceShandong
33%
IranProvinceYazd
33%
TurkeyProvinceKastamonu
25%
PakistanProvinceKhyber Pakhtunkhwa
25%
MalaysiaStatePerlis
25%
AzerbaijanDistrictAbsheron
0%
IndonesiaProvinceAceh
0%
TurkeyProvinceAdana
0%
OmanProvinceAd Dakhiliyah
0%
OmanProvinceAd Dhahirah
0%
MaldivesCityAddu
0%
YemenProvinceAden
0%
TurkeyProvinceAdıyaman
0%
GeorgiaAutonomous RepublicAdjara
0%
TurkeyProvinceAfyonkarahisar
0%
AzerbaijanDistrictAgdam
0%
AzerbaijanDistrictAgdash
0%
AzerbaijanDistrictAghjabadi
0%
TurkeyProvinceAğrı
0%
AzerbaijanDistrictAgstafa
0%
AzerbaijanDistrictAgsu
0%
KuwaitProvinceAhmadi
0%
JapanPrefectureAichi
0%
East TimorMunicipalityAileu
0%
East TimorMunicipalityAinaro
0%
JordanProvinceAjloun
0%
United Arab EmiratesEmirateAjman
0%
LebanonProvinceAkkar
0%
KazakhstanRegionAkmola
0%
United KingdomOverseas TerritoryAkrotiri and Dhekelia
0%
TurkeyProvinceAksaray
0%
KazakhstanRegionAktobe
0%
IraqProvinceAl Anbar
0%
KuwaitProvinceAl Asimah
0%
OmanProvinceAl Batinah North
0%
OmanProvinceAl Batinah South
0%
YemenProvinceAl Bayda
0%
IranProvinceAlborz
0%
OmanProvinceAl Buraymi
0%
QatarMunicipalityAl Daayen
0%
SyriaProvinceAleppo
0%
SyriaProvinceAl-Hasakah
0%
YemenProvinceAl Jawf
0%
QatarMunicipalityAl Khor
0%
YemenProvinceAl Mahrah
0%
YemenProvinceAl Mahwit
0%
KazakhstanCityAlmaty
0%
KazakhstanRegionAlmaty
0%
IraqProvinceAl-Qādisiyyah
0%
QatarMunicipalityAl Rayyan
0%
QatarMunicipalityAl-Shahaniya
0%
QatarMunicipalityAl Shamal
0%
RussiaTerritoryAltai
0%
RussiaRepublicAltai
0%
QatarMunicipalityAl Wakrah
0%
OmanProvinceAl Wusta
0%
JordanProvinceAmman
0%
ThailandProvinceAmnat Charoen
0%
YemenProvinceAmran
0%
IndiaTerritoryAndaman and Nicobar Islands
0%
IndiaStateAndhra Pradesh
0%
UzbekistanRegionAndijan
0%
VietnamProvinceAn Giang
0%
ThailandProvinceAng Thong
0%
ChinaProvinceAnhui
0%
TurkeyProvinceAntalya
0%
JapanPrefectureAomori
0%
ArmeniaProvinceAragatsotn
0%
ArmeniaProvinceArarat
0%
TurkeyProvinceArdahan
0%
MaldivesAtollAri Atholhu Uthuruburi
0%
MongoliaProvinceArkhangai
0%
ArmeniaProvinceArmavir
0%
TurkeyProvinceArtvin
0%
IndiaStateArunachal Pradesh
0%
TurkmenistanDistrictAshgabat
0%
OmanProvinceAsh Sharqiyah North
0%
OmanProvinceAsh Sharqiyah South
0%
Saudi ArabiaRegionAsir
0%
IndiaStateAssam
0%
AzerbaijanDistrictAstara
0%
LaosProvinceAttapeu
0%
KazakhstanRegionAtyrau
0%
TurkeyProvinceAydın
0%
MyanmarRegionAyeyarwady
0%
PakistanTerritoryAzad Jammu and Kashmir
0%
LebanonProvinceBaalbek-Hermel
0%
AzerbaijanDistrictBabek
0%
IraqProvinceBabil
0%
AfghanistanProvinceBadakhshan
0%
AfghanistanProvinceBadghis
0%
IraqProvinceBaghdad
0%
MyanmarRegionBago
0%
Saudi ArabiaRegionBahah
0%
KazakhstanCityBaikonur
0%
AzerbaijanCityBaku
0%
AzerbaijanDistrictBalakan
0%
TurkeyProvinceBalıkesir
0%
TurkmenistanRegionBalkan
0%
AfghanistanProvinceBalkh
0%
JordanProvinceBalqa
0%
AfghanistanProvinceBamyan
0%
IndonesiaProvinceBangka Belitung Islands
0%
PhilippinesAutonomous RegionBangsamoro Autonomous Region in Muslim Mindanao
0%
CambodiaProvinceBanteay Meanchey
0%
AzerbaijanDistrictBarda
0%
BangladeshDivisionBarisal
0%
TurkeyProvinceBartın
0%
IraqProvinceBasra
0%
KyrgyzstanRegionBatken
0%
TurkeyProvinceBatman
0%
CambodiaProvinceBattambang
0%
East TimorMunicipalityBaucau
0%
MongoliaProvinceBayankhongor
0%
MongoliaProvinceBayan-Ulgii
0%
VietnamProvinceBắc Giang
0%
VietnamProvinceBắc Kạn
0%
VietnamProvinceBạc Liêu
0%
VietnamProvinceBắc Ninh
0%
ChinaMunicipalityBeijing
0%
LebanonProvinceBeirut
0%
BruneiDistrictBelait
0%
LebanonProvinceBeqaa
0%
AzerbaijanDistrictBeylagan
0%
PhilippinesAdministrative RegionBicol
0%
IndiaStateBihar
0%
AzerbaijanDistrictBilasuvar
0%
TurkeyProvinceBilecik
0%
TurkeyProvinceBingöl
0%
VietnamProvinceBình Định
0%
VietnamProvinceBình Dương
0%
VietnamProvinceBình Phước
0%
VietnamProvinceBình Thuận
0%
KyrgyzstanCityBishkek
0%
TurkeyProvinceBitlis
0%
VietnamProvinceBến Tre
0%
East TimorMunicipalityBobonaro
0%
LaosProvinceBokèo
0%
LaosProvinceBolikhamxai
0%
TurkeyProvinceBolu
0%
BruneiDistrictBrunei-Muara
0%
ThailandProvinceBueng Kan
0%
UzbekistanRegionBukhara
0%
MongoliaProvinceBulgan
0%
BhutanDistrictBumthang
0%
TurkeyProvinceBurdur
0%
ThailandProvinceBuriram
0%
RussiaRepublicBuryatia
0%
IranProvinceBushehr
0%
PhilippinesAdministrative RegionCagayan Valley
0%
VietnamProvinceCà Mau
0%
TurkeyProvinceÇanakkale
0%
TurkeyProvinceÇankırı
0%
VietnamProvinceCao Bằng
0%
BahrainProvinceCapital
0%
Sri LankaProvinceCentral
0%
IndonesiaProvinceCentral Kalimantan
0%
PhilippinesAdministrative RegionCentral Luzon
0%
IndonesiaProvinceCentral Sulawesi
0%
PhilippinesAdministrative RegionCentral Visayas
0%
ThailandProvinceChachoengsao
0%
North KoreaProvinceChagang
0%
IranProvinceChaharmahal and Bakhtiari
0%
ThailandProvinceChaiyaphum
0%
LaosProvinceChampasak
0%
IndiaTerritoryChandigarh
0%
TaiwanCountyChanghua
0%
ThailandProvinceChanthaburi
0%
RussiaRegionChelyabinsk
0%
IndiaStateChhattisgarh
0%
BhutanDistrictChhukha
0%
ThailandProvinceChiang Mai
0%
ThailandProvinceChiang Rai
0%
TaiwanCityChiayi
0%
TaiwanCountyChiayi
0%
MyanmarStateChin
0%
BangladeshDivisionChittagong
0%
ThailandProvinceChonburi
0%
AustraliaExternal TerritoryChristmas Island
0%
RussiaAutonomous AreaChukotka
0%
ThailandProvinceChumphon
0%
KyrgyzstanRegionChuy
0%
VietnamMunicipalityCần Thơ
0%
PhilippinesAdministrative RegionCordillera
0%
TurkeyProvinceÇorum
0%
East TimorMunicipalityCovalima
0%
South KoreaProvinceDaegu
0%
South KoreaProvinceDaejeon
0%
BhutanDistrictDagana
0%
SyriaProvinceDamascus
0%
MyanmarSelf-Administered ZoneDanu
0%
SyriaProvinceDaraa
0%
MongoliaProvinceDarkhan-Uul
0%
AzerbaijanDistrictDashkasan
0%
TurkmenistanRegionDaşoguz
0%
PhilippinesAdministrative RegionDavao
0%
AfghanistanProvinceDaykundi
0%
SyriaProvinceDeir ez-Zor
0%
TurkeyProvinceDenizli
0%
YemenProvinceDhale
0%
YemenProvinceDhamar
0%
IraqProvinceDhi Qar
0%
OmanProvinceDhofar
0%
VietnamProvinceĐiện Biên
0%
TajikistanRegionDistricts of Republican Subordination
0%
IraqProvinceDiyala
0%
TurkeyProvinceDiyarbakır
0%
VietnamProvinceĐắk Nông
0%
VietnamProvinceĐồng Nai
0%
VietnamProvinceĐồng Tháp
0%
MongoliaProvinceDornod
0%
MongoliaProvinceDornogovi
0%
IraqProvinceDuhok
0%
MongoliaProvinceDundgovi
0%
TajikistanRegionDushanbe
0%
TurkeyProvinceDüzce
0%
IranProvinceEast Azerbaijan
0%
Saudi ArabiaRegionEastern Province
0%
PhilippinesAdministrative RegionEastern Visayas
0%
KazakhstanRegionEast Kazakhstan
0%
TurkeyProvinceEdirne
0%
TurkeyProvinceElazığ
0%
IraqProvinceErbil
0%
East TimorMunicipalityErmera
0%
TurkeyProvinceErzincan
0%
TurkeyProvinceErzurum
0%
TurkeyProvinceEskişehir
0%
MaldivesAtollFaadhippolhu
0%
AfghanistanProvinceFarah
0%
IranProvinceFars
0%
KuwaitProvinceFarwaniya
0%
AfghanistanProvinceFaryab
0%
MaldivesAtollFelidhu Atholhu
0%
UzbekistanRegionFergana
0%
AzerbaijanDistrictFizuli
0%
United Arab EmiratesEmirateFujairah
0%
ChinaProvinceFujian
0%
JapanPrefectureFukui
0%
JapanPrefectureFukuoka
0%
JapanPrefectureFukushima
0%
MaldivesAtollFuvahmulah
0%
AzerbaijanDistrictGadabay
0%
NepalProvinceGandaki
0%
South KoreaProvinceGangwon
0%
AzerbaijanCityGanja
0%
ChinaProvinceGansu
0%
BhutanDistrictGasa
0%
TurkeyProvinceGaziantep
0%
ArmeniaProvinceGegharkunik
0%
AfghanistanProvinceGhazni
0%
AfghanistanProvinceGhor
0%
VietnamProvinceGia Lai
0%
JapanPrefectureGifu
0%
IranProvinceGilan
0%
PakistanTerritoryGilgit-Baltistan
0%
TurkeyProvinceGiresun
0%
IndiaStateGoa
0%
AzerbaijanDistrictGobustan
0%
IranProvinceGolestan
0%
AzerbaijanDistrictGoranboy
0%
TajikistanAutonomous RegionGorno-Badakhshan
0%
IndonesiaProvinceGorontalo
0%
MongoliaProvinceGovisumber
0%
AzerbaijanDistrictGoychay
0%
AzerbaijanDistrictGoygol
0%
ChinaProvinceGuizhou
0%
IndiaStateGujarat
0%
TurkeyProvinceGümüşhane
0%
JapanPrefectureGunma
0%
GeorgiaRegionGuria
0%
South KoreaProvinceGwangju
0%
South KoreaProvinceGyeonggi
0%
BhutanDistrictHaa
0%
MaldivesAtollHaddhunmathi
0%
VietnamProvinceHà Giang
0%
IsraelDistrictHaifa
0%
Saudi ArabiaRegionHa'il
0%
AzerbaijanDistrictHajigabul
0%
YemenProvinceHajjah
0%
SyriaProvinceHama
0%
IranProvinceHamadan
0%
VietnamProvinceHà Nam
0%
VietnamMunicipalityHà Nội
0%
IndiaStateHaryana
0%
TurkeyProvinceHatay
0%
VietnamProvinceHà Tĩnh
0%
KuwaitProvinceHawalli
0%
AfghanistanProvinceHelmand
0%
ChinaProvinceHenan
0%
AfghanistanProvinceHerat
0%
VietnamProvinceHải Dương
0%
VietnamProvinceHòa Bình
0%
SyriaProvinceHoms
0%
ChinaSpecial RegionHong Kong
0%
IranProvinceHormozgān
0%
LaosProvinceHouaphan
0%
TaiwanCityHsinchu
0%
TaiwanCountyHsinchu
0%
TaiwanCountyHualien
0%
ChinaProvinceHubei
0%
VietnamProvinceHậu Giang
0%
ChinaProvinceHunan
0%
VietnamProvinceHưng Yên
0%
MaldivesAtollHuvadhu Atholhu Dhekunuburi
0%
MaldivesAtollHuvadhu Atholhu Uthuruburi
0%
JapanPrefectureHyōgo
0%
YemenProvinceIbb
0%
SyriaProvinceIdlib
0%
TurkeyProvinceIğdır
0%
IranProvinceIlam
0%
PhilippinesAdministrative RegionIlocos
0%
GeorgiaRegionImereti
0%
AzerbaijanDistrictImishli
0%
JordanProvinceIrbid
0%
RussiaRegionIrkutsk
0%
IranProvinceIsfahan
0%
JapanPrefectureIshikawa
0%
AzerbaijanDistrictIsmailli
0%
KyrgyzstanRegionIssyk-Kul
0%
TurkeyProvinceIstanbul
0%
JapanPrefectureIwate
0%
TurkeyProvinceİzmir
0%
AzerbaijanDistrictJabrayil
0%
KuwaitProvinceJahra
0%
KyrgyzstanRegionJalal-Abad
0%
AzerbaijanDistrictJalilabad
0%
IndonesiaProvinceJambi
0%
KazakhstanRegionJambyl
0%
IndiaTerritoryJammu and Kashmir
0%
Saudi ArabiaRegionJawf
0%
JordanProvinceJerash
0%
IsraelDistrictJerusalem
0%
ChinaProvinceJiangsu
0%
ChinaProvinceJilin
0%
Saudi ArabiaRegionJizan
0%
UzbekistanRegionJizzakh
0%
MalaysiaStateJohor
0%
AfghanistanProvinceJowzjan
0%
AzerbaijanDistrictJulfa
0%
AfghanistanProvinceKabul
0%
MyanmarStateKachin
0%
North KoreaSpecial-level CityKaesong
0%
JapanPrefectureKagawa
0%
JapanPrefectureKagoshima
0%
TurkeyProvinceKahramanmaraş
0%
GeorgiaRegionKakheti
0%
ThailandProvinceKalasin
0%
AzerbaijanDistrictKalbajar
0%
RussiaTerritoryKamchatka
0%
ThailandProvinceKamphaeng Phet
0%
CambodiaProvinceKampong Cham
0%
CambodiaProvinceKampong Chhnang
0%
CambodiaProvinceKampong Speu
0%
CambodiaProvinceKampong Thom
0%
CambodiaProvinceKampot
0%
JapanPrefectureKanagawa
0%
ThailandProvinceKanchanaburi
0%
AfghanistanProvinceKandahar
0%
AzerbaijanDistrictKangarli
0%
North KoreaProvinceKangwon
0%
TaiwanSpecial municipalityKaohsiung
0%
AfghanistanProvinceKapisa
0%
TurkeyProvinceKarabük
0%
KazakhstanRegionKaraganda
0%
JordanProvinceKarak
0%
UzbekistanAutonomous RepublicKarakalpakstan
0%
TurkeyProvinceKaraman
0%
IraqProvinceKarbala
0%
NepalProvinceKarnali
0%
TurkeyProvinceKars
0%
MyanmarStateKayah
0%
MyanmarStateKayin
0%
TurkeyProvinceKayseri
0%
MalaysiaStateKedah
0%
TaiwanCityKeelung
0%
MalaysiaStateKelantan
0%
CambodiaProvinceKep
0%
IndiaStateKerala
0%
IranProvinceKerman
0%
IranProvinceKermanshah
0%
RussiaTerritoryKhabarovsk
0%
AzerbaijanDistrictKhachmaz
0%
RussiaRepublicKhakassia
0%
LaosProvinceKhammouan
0%
VietnamProvinceKhánh Hòa
0%
RussiaAutonomous AreaKhanty-Mansi
0%
TajikistanRegionKhatlon
0%
MongoliaProvinceKhentii
0%
AzerbaijanDistrictKhizi
0%
AzerbaijanDistrictKhojali
0%
AzerbaijanDistrictKhojavend
0%
ThailandProvinceKhon Kaen
0%
AfghanistanProvinceKhost
0%
MongoliaProvinceKhovd
0%
MongoliaProvinceKhuvsgul
0%
VietnamProvinceKiên Giang
0%
TurkeyProvinceKilis
0%
TaiwanCountyKinmen
0%
TurkeyProvinceKırıkkale
0%
TurkeyProvinceKırklareli
0%
TurkeyProvinceKırşehir
0%
TurkeyProvinceKocaeli
0%
IranProvinceKohgiluyeh and Boyer-Ahmad
0%
CambodiaProvinceKoh Kong
0%
MyanmarSelf-Administered ZoneKokang
0%
MaldivesAtollKolhumadulu
0%
VietnamProvinceKon Tum
0%
TurkeyProvinceKonya
0%
KazakhstanRegionKostanay
0%
ArmeniaProvinceKotayk
0%
ThailandProvinceKrabi
0%
CambodiaProvinceKratié
0%
MalaysiaFederal TerritoryKuala Lumpur
0%
JapanPrefectureKumamoto
0%
AfghanistanProvinceKunar
0%
AfghanistanProvinceKunduz
0%
AzerbaijanDistrictKurdamir
0%
IranProvinceKurdistan
0%
RussiaRegionKurgan
0%
TurkeyProvinceKütahya
0%
GeorgiaRegionKvemo Kartli
0%
JapanPrefectureKyoto
0%
KazakhstanRegionKyzylorda
0%
MalaysiaFederal TerritoryLabuan
0%
AzerbaijanDistrictLachin
0%
AfghanistanProvinceLaghman
0%
YemenProvinceLahij
0%
VietnamProvinceLai Châu
0%
VietnamProvinceLâm Đồng
0%
ThailandProvinceLampang
0%
ThailandProvinceLamphun
0%
IndonesiaProvinceLampung
0%
AzerbaijanCityLankaran
0%
AzerbaijanDistrictLankaran
0%
VietnamProvinceLào Cai
0%
CyprusDistrictLarnaca
0%
SyriaProvinceLatakia
0%
East TimorMunicipalityLautém
0%
TurkmenistanRegionLebap
0%
AzerbaijanDistrictLerik
0%
BhutanDistrictLhuentse
0%
ChinaProvinceLiaoning
0%
TaiwanCountyLienchiang
0%
CyprusDistrictLimassol
0%
East TimorMunicipalityLiquiçá
0%
VietnamProvinceLạng Sơn
0%
ThailandProvinceLoei
0%
AfghanistanProvinceLogar
0%
VietnamProvinceLong An
0%
ThailandProvinceLopburi
0%
IranProvinceLorestan
0%
ArmeniaProvinceLori
0%
LaosProvinceLouangphabang
0%
LaosProvinceLuang Namtha
0%
JordanProvinceMa'an
0%
ChinaSpecial RegionMacau
0%
JordanProvinceMadaba
0%
Saudi ArabiaRegionMadinah
0%
ThailandProvinceMae Hong Son
0%
JordanProvinceMafraq
0%
MyanmarRegionMagway
0%
IndiaStateMaharashtra
0%
ThailandProvinceMaha Sarakham
0%
Saudi ArabiaRegionMakkah
0%
MalaysiaStateMalacca
0%
TurkeyProvinceMalatya
0%
MaldivesCityMalé
0%
IndonesiaProvinceMaluku
0%
East TimorMunicipalityManatuto
0%
MyanmarRegionMandalay
0%
KazakhstanRegionMangystau
0%
IndiaStateManipur
0%
TurkeyProvinceManisa
0%
East TimorMunicipalityManufahi
0%
TurkeyProvinceMardin
0%
YemenProvinceMa'rib
0%
IranProvinceMarkazi
0%
TurkmenistanRegionMary
0%
AzerbaijanDistrictMasally
0%
IraqProvinceMaysan
0%
IranProvinceMazandaran
0%
IndiaStateMeghalaya
0%
TurkeyProvinceMersin
0%
TaiwanCountyMiaoli
0%
JapanPrefectureMie
0%
MaldivesAtollMiladhunmadulu Dhekunuburi
0%
MaldivesAtollMiladhunmadulu Uthuruburi
0%
AzerbaijanCityMingachevir
0%
JapanPrefectureMiyagi
0%
JapanPrefectureMiyazaki
0%
MyanmarStateMon
0%
CambodiaProvinceMondulkiri
0%
BhutanDistrictMongar
0%
LebanonProvinceMount Lebanon
0%
KuwaitProvinceMubarak Al-Kabeer
0%
TurkeyProvinceMuğla
0%
BahrainProvinceMuharraq
0%
ThailandProvinceMukdahan
0%
MaldivesAtollMulak Atholhu
0%
IraqProvinceMuthanna
0%
BangladeshDivisionMymensingh
0%
LebanonProvinceNabatieh
0%
AzerbaijanCityNaftalan
0%
MyanmarSelf-Administered ZoneNaga
0%
JapanPrefectureNagano
0%
JapanPrefectureNagasaki
0%
IraqProvinceNajaf
0%
Saudi ArabiaRegionNajran
0%
AzerbaijanCityNakhchivan
0%
ThailandProvinceNakhon Pathom
0%
ThailandProvinceNakhon Phanom
0%
ThailandProvinceNakhon Ratchasima
0%
ThailandProvinceNakhon Sawan
0%
ThailandProvinceNakhon Si Thammarat
0%
UzbekistanRegionNamangan
0%
North KoreaSpecial CityNampo
0%
ThailandProvinceNan
0%
AfghanistanProvinceNangarhar
0%
TaiwanCountyNantou
0%
JapanPrefectureNara
0%
ThailandProvinceNarathiwat
0%
PhilippinesAdministrative RegionNational Capital
0%
UzbekistanRegionNavoiy
0%
MyanmarUnion TerritoryNaypyidaw
0%
AzerbaijanDistrictNeftchala
0%
MalaysiaStateNegeri Sembilan
0%
TurkeyProvinceNevşehir
0%
TaiwanSpecial municipalityNew Taipei
0%
VietnamProvinceNghệ An
0%
CyprusDistrictNicosia
0%
TurkeyProvinceNiğde
0%
MaldivesAtollNilandhe Atholhu Dhekunuburi
0%
MaldivesAtollNilandhe Atholhu Uthuruburi
0%
AfghanistanProvinceNimruz
0%
VietnamProvinceNinh Bình
0%
VietnamProvinceNinh Thuận
0%
ThailandProvinceNong Bua Lamphu
0%
ThailandProvinceNong Khai
0%
ThailandProvinceNonthaburi
0%
LebanonProvinceNorth
0%
Sri LankaProvinceNorth Central
0%
South KoreaProvinceNorth Chungcheong
0%
Sri LankaProvinceNorthern
0%
BahrainProvinceNorthern
0%
PhilippinesAdministrative RegionNorthern Mindanao
0%
South KoreaProvinceNorth Gyeongsang
0%
North KoreaProvinceNorth Hamgyong
0%
North KoreaProvinceNorth Hwanghae
0%
South KoreaProvinceNorth Jeolla
0%
IndonesiaProvinceNorth Kalimantan
0%
KazakhstanRegionNorth Kazakhstan
0%
IranProvinceNorth Khorasan
0%
IndonesiaProvinceNorth Maluku
0%
North KoreaProvinceNorth Pyongan
0%
IndonesiaProvinceNorth Sumatra
0%
Sri LankaProvinceNorth Western
0%
RussiaRegionNovosibirsk
0%
AfghanistanProvinceNuristan
0%
KazakhstanCityNur-Sultan
0%
CambodiaProvinceOddar Meanchey
0%
East TimorMunicipalityOecusse
0%
AzerbaijanDistrictOghuz
0%
JapanPrefectureŌita
0%
JapanPrefectureOkayama
0%
RussiaRegionOmsk
0%
TurkeyProvinceOrdu
0%
AzerbaijanDistrictOrdubad
0%
MongoliaProvinceOrkhon
0%
JapanPrefectureOsaka
0%
KyrgyzstanRegionOsh
0%
KyrgyzstanCityOsh
0%
LaosProvinceOudômxai
0%
MalaysiaStatePahang
0%
CambodiaProvincePailin
0%
AfghanistanProvincePaktia
0%
AfghanistanProvincePaktika
0%
MyanmarSelf-Administered ZonePa Laung
0%
AfghanistanProvincePanjshir
0%
MyanmarSelf-Administered ZonePa'O
0%
CyprusDistrictPaphos
0%
BhutanDistrictParo
0%
AfghanistanProvinceParwan
0%
ThailandProvincePathum Thani
0%
ThailandProvincePattani
0%
ThailandSpecial Administrative AreaPattaya
0%
KazakhstanRegionPavlodar
0%
BhutanDistrictPema Gatshel
0%
MalaysiaStatePenang
0%
MalaysiaStatePerak
0%
ThailandProvincePhang Nga
0%
ThailandProvincePhatthalung
0%
ThailandProvincePhayao
0%
ThailandProvincePhetchabun
0%
ThailandProvincePhetchaburi
0%
ThailandProvincePhichit
0%
ThailandProvincePhitsanulok
0%
CambodiaProvincePhnom Penh
0%
LaosProvincePhôngsali
0%
ThailandProvincePhrae
0%
ThailandProvincePhra Nakhon Si Ayutthaya
0%
VietnamProvincePhú Thọ
0%
VietnamProvincePhú Yên
0%
TaiwanCountyPingtung
0%
ThailandProvincePrachinburi
0%
ThailandProvincePrachuap Khiri Khan
0%
CambodiaProvincePreah Vihear
0%
CambodiaProvincePrey Veng
0%
RussiaTerritoryPrimorsky
0%
NepalProvinceProvince No. 1
0%
NepalProvinceProvince No. 2
0%
NepalProvinceProvince No. 3
0%
NepalProvinceProvince No. 5
0%
IndiaTerritoryPuducherry
0%
BhutanDistrictPunakha
0%
PakistanProvincePunjab
0%
IndiaStatePunjab
0%
CambodiaProvincePursat
0%
MalaysiaFederal TerritoryPutrajaya
0%
AzerbaijanDistrictQabala
0%
AzerbaijanDistrictQakh
0%
UzbekistanRegionQashqadaryo
0%
Saudi ArabiaRegionQassim
0%
AzerbaijanDistrictQazakh
0%
IranProvinceQazvin
0%
IranProvinceQom
0%
AzerbaijanDistrictQuba
0%
AzerbaijanDistrictQubadli
0%
SyriaProvinceQuneitra
0%
VietnamProvinceQuảng Nam
0%
VietnamProvinceQuảng Ngãi
0%
VietnamProvinceQuảng Ninh
0%
VietnamProvinceQuảng Trị
0%
AzerbaijanDistrictQusar
0%
GeorgiaRegionRacha-Lechkhumi and Kvemo Svaneti
0%
BangladeshDivisionRajshahi
0%
BangladeshDivisionRangpur
0%
ThailandProvinceRanong
0%
SyriaProvinceRaqqa
0%
United Arab EmiratesEmirateRas Al Khaimah
0%
North KoreaSpecial CityRason
0%
CambodiaProvinceRatanak Kiri
0%
ThailandProvinceRatchaburi
0%
YemenProvinceRaymah
0%
IranProvinceRazavi Khorasan
0%
IndonesiaProvinceRiau Islands
0%
SyriaProvinceRif Dimashq
0%
Saudi ArabiaRegionRiyadh
0%
TurkeyProvinceRize
0%
ThailandProvinceRoi Et
0%
North KoreaProvinceRyanggang
0%
AzerbaijanDistrictSaatly
0%
MalaysiaStateSabah
0%
Sri LankaProvinceSabaragamuwa
0%
AzerbaijanDistrictSabirabad
0%
YemenProvinceSa'dah
0%
AzerbaijanDistrictSadarak
0%
MyanmarRegionSagaing
0%
JapanPrefectureSaitama
0%
ThailandProvinceSa Kaeo
0%
TurkeyProvinceSakarya
0%
RussiaRepublicSakha
0%
ThailandProvinceSakon Nakhon
0%
IraqProvinceSaladin
0%
LaosProvinceSalavan
0%
AzerbaijanDistrictSalyan
0%
AfghanistanProvinceSamangan
0%
UzbekistanRegionSamarqand
0%
BhutanDistrictSamdrup Jongkhar
0%
GeorgiaRegionSamegrelo-Zemo Svaneti
0%
TurkeyProvinceSamsun
0%
BhutanDistrictSamtse
0%
GeorgiaRegionSamtskhe-Javakheti
0%
AzerbaijanDistrictSamukh
0%
ThailandProvinceSamut Prakan
0%
ThailandProvinceSamut Sakhon
0%
ThailandProvinceSamut Songkhram
0%
TurkeyProvinceŞanlıurfa
0%
ThailandProvinceSaraburi
0%
AfghanistanProvinceSar-e Pol
0%
BhutanDistrictSarpang
0%
LaosProvinceSavannakhét
0%
MalaysiaStateSelangor
0%
MongoliaProvinceSelenge
0%
IranProvinceSemnan
0%
ChinaProvinceShaanxi
0%
AzerbaijanDistrictShabran
0%
YemenProvinceShabwah
0%
AzerbaijanDistrictShahbuz
0%
AzerbaijanCityShaki
0%
AzerbaijanDistrictShaki
0%
AzerbaijanDistrictShamakhi
0%
AzerbaijanDistrictShamkir
0%
MyanmarStateShan
0%
ChinaMunicipalityShanghai
0%
ChinaProvinceShanxi
0%
United Arab EmiratesEmirateSharjah
0%
AzerbaijanDistrictSharur
0%
GeorgiaRegionShida Kartli
0%
JapanPrefectureShiga
0%
JapanPrefectureShimane
0%
ArmeniaProvinceShirak
0%
AzerbaijanCityShirvan
0%
JapanPrefectureShizuoka
0%
AzerbaijanDistrictShusha
0%
AzerbaijanCityShusha
0%
KazakhstanCityShymkent
0%
AzerbaijanDistrictSiazan
0%
ChinaProvinceSichuan
0%
CambodiaProvinceSiem Reap
0%
TurkeyProvinceSiirt
0%
SingaporeCitySingapore
0%
ThailandProvinceSing Buri
0%
TurkeyProvinceSinop
0%
UzbekistanRegionSirdaryo
0%
TurkeyProvinceŞırnak
0%
ThailandProvinceSisaket
0%
IranProvinceSistan and Baluchestan
0%
TurkeyProvinceSivas
0%
PhilippinesAdministrative RegionSOCCSKSARGEN
0%
VietnamProvinceSóc Trăng
0%
ThailandProvinceSongkhla
0%
LebanonProvinceSouth
0%
South KoreaProvinceSouth Chungcheong
0%
BahrainProvinceSouthern
0%
Sri LankaProvinceSouthern
0%
North KoreaProvinceSouth Hamgyong
0%
North KoreaProvinceSouth Hwanghae
0%
South KoreaProvinceSouth Jeolla
0%
IranProvinceSouth Khorasan
0%
North KoreaProvinceSouth Pyongan
0%
IndonesiaProvinceSouth Sulawesi
0%
PhilippinesAdministrative RegionSouthwestern Tagalog
0%
IndonesiaProvinceSpecial Region of Yogyakarta
0%
CambodiaProvinceSteung Treng
0%
TajikistanRegionSughd
0%
MongoliaProvinceSukhbaatar
0%
ThailandProvinceSukhothai
0%
IraqProvinceSulaymaniyah
0%
AzerbaijanCitySumqayit
0%
ThailandProvinceSuphan Buri
0%
ThailandProvinceSurat Thani
0%
ThailandProvinceSurin
0%
UzbekistanRegionSurxondaryo
0%
CambodiaProvinceSvay Rieng
0%
RussiaRegionSverdlovsk
0%
ArmeniaProvinceSyunik
0%
Saudi ArabiaRegionTabuk
0%
JordanProvinceTafilah
0%
TaiwanSpecial municipalityTaichung
0%
TaiwanSpecial municipalityTainan
0%
TaiwanSpecial municipalityTaipei
0%
TaiwanCountyTaitung
0%
YemenProvinceTaiz
0%
ThailandProvinceTak
0%
CambodiaProvinceTakéo
0%
AfghanistanProvinceTakhar
0%
KyrgyzstanRegionTalas
0%
MyanmarRegionTanintharyi
0%
TaiwanSpecial municipalityTaoyuan
0%
AzerbaijanDistrictTartar
0%
SyriaProvinceTartus
0%
UzbekistanCityTashkent
0%
ArmeniaProvinceTavush
0%
VietnamProvinceTây Ninh
0%
GeorgiaMunicipalityTbilisi
0%
CambodiaProvinceTboung Khmum
0%
TurkeyProvinceTekirdağ
0%
IndiaStateTelangana
0%
IsraelDistrictTel Aviv
0%
BruneiDistrictTemburong
0%
MalaysiaStateTerengganu
0%
VietnamProvinceThái Bình
0%
VietnamProvinceThái Nguyên
0%
VietnamProvinceThanh Hóa
0%
VietnamProvinceThừa Thiên-Huế
0%
MaldivesAtollThiladhunmathi Dhekunuburi
0%
MaldivesAtollThiladhunmathi Uthuruburi
0%
BhutanDistrictThimphu
0%
VietnamProvinceTiền Giang
0%
JapanPrefectureTokushima
0%
RussiaRegionTomsk
0%
AzerbaijanDistrictTovuz
0%
JapanPrefectureToyama
0%
TurkeyProvinceTrabzon
0%
BhutanDistrictTrashigang
0%
BhutanDistrictTrashi Yangtse
0%
ThailandProvinceTrat
0%
VietnamProvinceTrà Vinh
0%
IndiaStateTripura
0%
BhutanDistrictTrongsa
0%
BhutanDistrictTsirang
0%
TurkeyProvinceTunceli
0%
BruneiDistrictTutong
0%
RussiaRepublicTuva
0%
VietnamProvinceTuyên Quang
0%
RussiaRegionTyumen
0%
ThailandProvinceUbon Ratchathani
0%
ThailandProvinceUdon Thani
0%
AzerbaijanDistrictUjar
0%
MongoliaMunicipalityUlaanbaatar
0%
South KoreaProvinceUlsan
0%
United Arab EmiratesEmirateUmm Al Quwain
0%
QatarMunicipalityUmm Salal
0%
MongoliaProvinceUmnugovi
0%
AfghanistanProvinceUrozgan
0%
TurkeyProvinceUşak
0%
ThailandProvinceUthai Thani
0%
ThailandProvinceUttaradit
0%
IndiaStateUttar Pradesh
0%
Sri LankaProvinceUva
0%
MongoliaProvinceUvs
0%
MongoliaProvinceUvurkhangai
0%
TurkeyProvinceVan
0%
ArmeniaProvinceVayots Dzor
0%
LaosProvinceVientiane
0%
LaosPrefectureVientiane
0%
VietnamProvinceVĩnh Long
0%
VietnamProvinceVĩnh Phúc
0%
East TimorMunicipalityViqueque
0%
MyanmarSelf-Administered DivisionWa
0%
JapanPrefectureWakayama
0%
BhutanDistrictWangdue Phodrang
0%
IraqProvinceWasit
0%
IranProvinceWest Azerbaijan
0%
PhilippinesAdministrative RegionWestern Visayas
0%
IndonesiaProvinceWest Java
0%
IndonesiaProvinceWest Kalimantan
0%
IndonesiaProvinceWest Sumatra
0%
LaosProvinceXaignabouli
0%
LaosProvinceXaisomboun
0%
LaosProvinceXékong
0%
ChinaAutonomous RegionXinjiang Uyghur
0%
UzbekistanRegionXorazm
0%
TurkeyProvinceYalova
0%
JapanPrefectureYamagata
0%
JapanPrefectureYamaguchi
0%
JapanPrefectureYamanashi
0%
MyanmarRegionYangon
0%
AzerbaijanDistrictYardymli
0%
ThailandProvinceYasothon
0%
VietnamProvinceYên Bái
0%
ArmeniaMunicipalityYerevan
0%
AzerbaijanDistrictYevlakh
0%
AzerbaijanCityYevlakh
0%
TaiwanCountyYilan
0%
TurkeyProvinceYozgat
0%
TaiwanCountyYunlin
0%
RussiaTerritoryZabaykalsky
0%
PhilippinesAdministrative RegionZamboanga Peninsula
0%
AzerbaijanDistrictZangilan
0%
IranProvinceZanjan
0%
AzerbaijanDistrictZaqatala
0%
AzerbaijanDistrictZardab
0%
JordanProvinceZarqa
0%
MongoliaProvinceZavkhan
0%
ChinaProvinceZhejiang
0%
BhutanDistrictZhemgang
0%
TurkeyProvinceZonguldak
0%

Score Distribution

Percentile by Number Answered

Percent of People with Each Score

Your Score History

You have not taken this quiz